| 000 | 00529nam a2200193Ia 4500 | ||
|---|---|---|---|
| 005 | 20250425160702.0 | ||
| 008 | 250425s9999 xx 000 0 und d | ||
| 041 | _aspa | ||
| 082 | _a658.406 | ||
| 245 | 0 | _aECUADOR : MODERNIZANDO TODO. PRIVATIZACIONES, PRESTACIONES DE SERVICIOS PUBLICOS POR PARTE DE LA INICIATIVA PRIVADA | |
| 250 | _a1A ED. | ||
| 260 |
_aEcuador _bCONAM _c1994 |
||
| 260 | _aS.L. | ||
| 650 | _aADMINISTRACION PUBLICA | ||
| 650 | _aECUADOR | ||
| 650 | _aMODERNIZACION | ||
| 942 | _c01 | ||
| 010 | _a2285 | ||
| 999 |
_c194094 _d194094 |
||